000 00364pam a2200157a 44500
008 230515b2011 xxu||||| |||| 00| 0 eng d
020 _aNULL
041 _aMARATHI
082 _a1
100 _aBALKRISHNA
245 _aGHARBHINICHE AROUGYA RAKSHAN
250 _a2
260 _aSANGALI
_bN.D.
_c2011
300 _a100
650 _aGHARBHINICHE AROUGYA RAKSHAN
999 _c496944
_d496944